[Event "Barcelona Vila de Gracia Seniors 55+ op"]
[Site "Barcelona"]
[Date "2014.04.28"]
[Round "6"]
[White "Miralles Fores, Joan"]
[Black "Pereda Villalba, Julian"]
[Result "0-1"]
[WhiteElo "1777"]
[BlackElo "1958"]
[PlyCount "137"]
[EventDate "2014.03.17"]
[EventType "swiss"]
[EventRounds "8"]
[EventCountry "ESP"]
[SourceTitle "EXT 2015"]
[Source "ChessBase"]
[SourceDate "2014.11.20"]
[SourceVersion "1"]
[SourceVersionDate "2014.11.20"]
[SourceQuality "1"]

1. e4 e5 2. Nf3 d6 3. c4 Be7 4. Nc3 Nf6 5. d3 h6 6. Be2 c5 7. 0-0 Nc6 8. Bd2 Nd4 9. h3 Bd7 10. Nd5 Nxd5 11. cxd5 Nxf3+ 12. Bxf3 Bg5 13. b3 0-0 14. a4 f5 15. b4 b6 16. b5 Bxd2 17. Qxd2 f4 18. Qe2 Qg5 19. Kh2 Kh8 20. Rg1 Qh4 21. Raf1 a6 22. Bg4 Bxg4 23. Qxg4 Qxg4 24. hxg4 axb5 25. axb5 Ra5 26. Rb1 Rfa8 27. f3 Ra2 28. Rb3 g5 29. Kh3 Kg7 30. Rgb1 Kg6 31. R3b2 Rxb2 32. Rxb2 Ra1 33. Kh2 h5 34. g3 Ra3 35. gxh5+ Kxh5 36. g4+ Kg6 37. Kg2 Kf6 38. Kf2 Rxd3 39. Ke2 Ra3 40. Kf2 Ke7 41. Ke2 Kd7 42. Kf2 Kc7 43. Ke2 Kb7 44. Kf2 Ra1 45. Ke2 Rh1 46. Rb3 Rh2+ 47. Kd1 Rf2 48. Kc1 Ra2 49. Kb1 Rd2 50. Rc3 Re2 51. Kc1 Ra2 52. Kb1 Ra5 53. Rb3 Ra8 54. Kb2 Rh8 55. Rc3 Rh2+ 56. Kb3 Re2 57. Kc4 Kc8 58. Kb3 Rd2 59. Kc4 Rd4+ 60. Kb3 Rb4+ 61. Ka2 Rxb5 62. Rb3 Rxb3 63. Kxb3 b5 64. Ka3 Kb7 65. Kb3 Ka6 66. Ka3 Ka5 67. Kb3 c4+ 68. Kc3 Ka4 69. Kb2 0-1